000 00296nam a22001337a 4500
003 OSt
008 220511b ||||| |||| 00| 0 eng d
020 _a978-81-291-1600-0
100 _aKHERA,Shiv
245 _aYou Can Sell
260 _aNew Delhi
_bRupa
_c2010
300 _a300
942 _2ddc
_cBK
999 _c11218
_d11218